Managing operational property assets : a report of research of organisations in England and Wales (Record no. 86619)

MARC details
000 -LEADER
fixed length control field 00795cam a2200265 4500
008 - FIXED-LENGTH DATA ELEMENTS--GENERAL INFORMATION
fixed length control field 090401t1989 xxu||||| |||| 00| 0 eng d
020 ## - INTERNATIONAL STANDARD BOOK NUMBER
International Standard Book Number 0704902699
035 ## - SYSTEM CONTROL NUMBER
System control number (Sirsi) u9220
041 ## - LANGUAGE CODE
Language code of text/sound track or separate title eng
050 ## - LIBRARY OF CONGRESS CALL NUMBER
Classification number 333.33
100 ## - MAIN ENTRY--PERSONAL NAME
Personal name Avis, Martin
245 ## - TITLE STATEMENT
Title Managing operational property assets : a report of research of organisations in England and Wales
260 ## - PUBLICATION, DISTRIBUTION, ETC.
Place of publication, distribution, etc. Reading
Name of publisher, distributor, etc. Graduates to Industry
Date of publication, distribution, etc. 1989
300 ## - PHYSICAL DESCRIPTION
Extent x,80p. ; 30cm.
350 ## - PRICE (NR) (BK AM CF MU VM SE) [OBSOLETE]
Price 30
520 ## - SUMMARY, ETC.
Summary, etc. Project carried out at the University of Reading Department of Land Management and Development .
650 ## - SUBJECT ADDED ENTRY--TOPICAL TERM
Topical term or geographic name entry element ASSETS
650 ## - SUBJECT ADDED ENTRY--TOPICAL TERM
Topical term or geographic name entry element COMPANIES
650 ## - SUBJECT ADDED ENTRY--TOPICAL TERM
Topical term or geographic name entry element MANAGEMENT
650 ## - SUBJECT ADDED ENTRY--TOPICAL TERM
Topical term or geographic name entry element Property management
9 (RLIN) 6262
700 ## - ADDED ENTRY--PERSONAL NAME
Personal name Gibson, Virginia A.
700 ## - ADDED ENTRY--PERSONAL NAME
Personal name Watts, Jenny
942 ## - ADDED ENTRY ELEMENTS (KOHA)
Suppress in OPAC 0
948 ## - LOCAL PROCESSING INFORMATION (OCLC); SERIES PART DESIGNATOR (RLIN)
c (OCLC) 04/03/1997
Holdings
Withdrawn status Lost status Source of classification or shelving scheme Damaged status Not for loan Home library Current library Shelving location Date acquired Cost, normal purchase price Total Checkouts Full call number Barcode Date last seen Date last checked out Copy number Cost, replacement price Price effective from Koha item type
    Dewey Decimal Classification     London London Folio 14/09/1999 30.00 4 F333.33 30024189 06/08/2019 21/02/2005 2 30.00 06/08/2019 Book
    Dewey Decimal Classification     London London Folio 21/01/1994 30.00 5 F333.33 30040595 06/08/2019 07/05/2009 4 30.00 06/08/2019 Book
    Dewey Decimal Classification     London London Folio 14/09/1999 30.00 15 F333.33 30055739 06/08/2019 11/06/2008 6 30.00 06/08/2019 Book